| 000 | 00892nam a2200301 c 4500 | ||
|---|---|---|---|
| 001 | 5989 | ||
| 003 | ES-MaCES | ||
| 005 | 20250121040008.0 | ||
| 008 | 971103s1997 sp d ||| | spa d | ||
| 017 |
_aM-26.609-1997 _bDL |
||
| 020 | _a8477991391 | ||
| 035 | _aCES19980060387m | ||
| 040 |
_aES-MaCES _bspa _cES-MaCES |
||
| 245 | 0 | 0 | _aIII Plan para la Igualdad de Oportunidades entre Mujeres y Hombres, 1997-2000 |
| 260 |
_aMadrid _bInstituto de la Mujer _cD.L. 1997 |
||
| 300 |
_a111 p. _bgráf. _c27 cm |
||
| 541 | _cGratuito | ||
| 650 | 4 |
_amujeres _928657 |
|
| 650 | 4 |
_aigualdad de oportunidades _927183 |
|
| 650 | 4 |
_aEspaña _926964 |
|
| 650 | 4 |
_aplan nacional _927018 |
|
| 650 | 4 |
_a1997-2000 _931213 |
|
| 653 | 1 | 0 | _aMujer |
| 710 | 2 |
_aInstituto de la Mujer (España) _eed. _94190 |
|
| 902 | _aLIB Libro | ||
| 942 |
_2CES _cBK _h3.3. |
||
| 999 |
_c5989 _d5989 |
||